000 00431cam a2200181ua 4500
020 _c12.50
041 _ahin
_h
082 _a891.54
_bBHA/VE
100 _aBhagavadath, .
245 _aVed-vidya-nidershan /
_cBhagavadath.
_hTextual Documents
250 _a1 /
_b.
260 _a :
_bIthihas prakashan mandal ,
_c1959.
300 _a331 ; .
365 _a12.50
504 _a
942 _cBK
999 _c8215
_d8215